00826cam a2200193 a 450000100100000000500170001000800410002704000180006808200180008610000330010424500810013726001260021830000280034450400870037265000370045965000210049660000700051771000450058700000730120200929154127.0030320s1999 uy a b f001 p spa  aDO-SdBNPcDLC a861.44bC352L1 aCastillo, Jorge Luis,d1960-13aEl lenguaje y la poesía de Julio Herrera y Reissig /cJorge Luis Castillo. aUruguay :bDirección General de Asuntos Culturales, Ministerio de Relaciones Exteriores :bBiblioteca de Marcha,c1999. a339 p. :bil. ;c21 cm. aIncluye referencias bibliográficas (p. 323-339) y notas al pie de las páginas. 4aModernismo (literatura)zUruguay 4aEstilo literario14aHERRERAY REISSIG, JULIO,d1875-1910xCRÍTICA E INTERPRETACIÓN2 aUniversidad de California, Santa Barbara